[Event "Sydney International Challengers"]
[Site "Parramatta, NSW"]
[Date "2010.04.09"]
[Round "6.18"]
[White "Hannagan, Peter"]
[Black "Weltner, Michael"]
[Result "1-0"]
[WhiteElo "1401"]
[BlackElo "1303"]
[PlyCount "76"]
[EventDate "2010.04.07"]
[EventType "swiss"]
[EventRounds "9"]
[EventCountry "AUS"]
[SourceDate "2010.04.07"]

1. e4 e5 2. Nf3 Nc6 3. Bb5 a6 4. Bxc6 dxc6 5. d3 Bg4 6. h3 Bh5 7. g4 Bg6 8.
Nxe5 Bd6 9. Nxg6 hxg6 10. Qf3 Qd7 11. Nd2 Bc5 12. Nb3 Bb6 13. Be3 O-O-O 14.
O-O-O Ne7 15. a4 Rdf8 16. a5 Bxe3+ 17. Qxe3 Kb8 18. Nc5 Qc8 19. d4 Re8 20. Rd3
Nd5 21. Qf3 b6 22. exd5 bxc5 23. Rb3+ Ka8 24. dxc6 Qe6 25. d5 Qf6 26. Qd3 Qf4+
27. Qd2 Qe4 28. Rd1 c4 29. Rb7 Rxh3 30. Qd4 Qxd4 31. Rxd4 c3 32. bxc3 Rxc3 33.
Rxc7 Ra3 34. d6 Re1+ 35. Kd2 Re8 36. d7 Rd8 37. Rc8+ Ka7 38. Rxd8 Rxa5 1-0

[Event "Sydney International Challengers"]
[Site "Parramatta, NSW"]
[Date "2010.04.09"]
[Round "6.20"]
[White "Ansell, John"]
[Black "Willathgamuwa, Kevin"]
[Result "0-1"]
[WhiteElo "1321"]
[BlackElo "602"]
[PlyCount "98"]
[EventDate "2010.04.07"]
[EventType "swiss"]
[EventRounds "9"]
[EventCountry "AUS"]
[SourceDate "2010.04.07"]

1. d4 d5 2. Nf3 Nf6 3. Bf4 Bf5 4. e3 e6 5. c4 Nbd7 6. Nc3 c6 7. c5 b6 8. b4
bxc5 9. bxc5 Qa5 10. Qb3 Ne4 11. Rc1 Be7 12. Be2 g5 13. Qa4 Qxa4 14. Nxa4 gxf4
15. exf4 O-O 16. O-O Rab8 17. Rfd1 Rb4 18. Nc3 Nxc3 19. Rxc3 Rb2 20. Rd2 Rxd2
21. Nxd2 Rb8 22. Nb3 Bd8 23. g4 Be4 24. f3 Bg6 25. Kg2 Bc7 26. Kg3 f5 27. Re3
Kf7 28. h4 h5 29. g5 Rb4 30. Bd3 Ra4 31. Re2 Nb8 32. Rb2 Ke7 33. Be2 Rb4 34.
Rd2 Be8 35. Bd3 Kf7 36. Re2 Bd7 37. Re3 a5 38. Be2 a4 39. Nc1 Rxd4 40. Nd3 Bc8
41. a3 Ba6 42. g6+ Kg7 43. Rxe6 Bxd3 44. Re7+ Kxg6 45. Rxc7 Bxe2 46. Rc8 Nd7
47. Rxc6+ Nf6 48. Re6 Bb5 49. Re3 Rc4 0-1

[Event "Sydney International Challengers"]
[Site "Parramatta, NSW"]
[Date "2010.04.09"]
[Round "6.21"]
[White "Nakauchi, Ray"]
[Black "Lin, Mark"]
[Result "0-1"]
[WhiteElo "541"]
[BlackElo "775"]
[PlyCount "118"]
[EventDate "2010.04.07"]
[EventType "swiss"]
[EventRounds "9"]
[EventCountry "AUS"]
[SourceDate "2010.04.07"]

1. d4 d5 2. c4 c6 3. Nc3 Nf6 4. Nf3 e6 5. e3 Bd6 6. Be2 Nbd7 7. O-O b6 8. a4
Ba6 9. b3 O-O 10. cxd5 Bxe2 11. Qxe2 exd5 12. Bd2 Re8 13. Rac1 c5 14. Nb5 Bf8
15. Rfe1 a6 16. Nc3 Nb8 17. Qd1 Nc6 18. Ne2 Nb4 19. Bxb4 cxb4 20. Nf4 Ne4 21.
Ne2 f6 22. Nd2 a5 23. Nxe4 dxe4 24. Ng3 Qd5 25. Qc2 Rac8 26. Qd2 Rxc1 27. Rxc1
Qxb3 28. Qc2 Qa3 29. Rb1 Qd3 30. Qxd3 exd3 31. Nf1 Rc8 32. Nd2 Rc2 33. Rd1 Ra2
34. g3 Rxa4 35. Nc4 b3 36. Nb2 Ra2 37. Nxd3 b2 38. Nxb2 Rxb2 39. Kg2 a4 40. d5
Bd6 41. Rc1 a3 42. Ra1 a2 43. Kh3 b5 44. f4 b4 45. e4 b3 46. Rc1 Rc2 47. Ra1 b2
48. Rxa2 b1=Q 49. Rxc2 Qxc2 50. e5 fxe5 51. fxe5 Bxe5 52. Kg4 Qe4+ 53. Kh3 Qxd5
54. g4 Qf3+ 55. Kh4 Bf6+ 56. g5 Qf4+ 57. Kh3 Qf5+ 58. Kh4 Bxg5+ 59. Kh5 g6# 0-1

[Event "Sydney International Challengers"]
[Site "Parramatta, NSW"]
[Date "2010.04.09"]
[Round "6.23"]
[White "Accola, Tom"]
[Black "Willathgamuwa, Rowan"]
[Result "1-0"]
[WhiteElo "839"]
[BlackElo "424"]
[PlyCount "81"]
[EventDate "2010.04.07"]
[EventType "swiss"]
[EventRounds "9"]
[EventCountry "AUS"]
[SourceDate "2010.04.07"]

1. d4 d5 2. Nf3 e6 3. e3 Nf6 4. Bd3 Nc6 5. a3 Bd6 6. Nbd2 b6 7. O-O O-O 8. Qe2
a6 9. e4 dxe4 10. Nxe4 Bb7 11. Nxf6+ Qxf6 12. Qe4 g6 13. Bg5 Qf5 14. Qh4 Qa5
15. Bh6 Be7 16. Bg5 Bxg5 17. Nxg5 h5 18. Rfe1 Qd5 19. Re3 f5 20. Nxe6 Nxd4 21.
f3 Nxe6 22. Rae1 Ng7 23. Bc4 g5 24. Bxd5+ Bxd5 25. Qxg5 Rad8 26. Re7 Bf7 27.
R1e5 Rd6 28. Rxc7 Rfd8 29. g4 Rd1+ 30. Kf2 R8d2+ 31. Ke3 Re1+ 32. Kxd2 Rxe5 33.
Rc8+ Kh7 34. Qf6 Rd5+ 35. Ke1 hxg4 36. Qxf7 Re5+ 37. Kf2 Kh6 38. Qf6+ Kh5 39.
Qxe5 Kg5 40. Qxg7+ Kf4 41. Rc4# 1-0

[Event "Sydney International Challengers"]
[Site "Parramatta, NSW"]
[Date "2010.04.10"]
[Round "7.1"]
[White "Stahnke, Alexander"]
[Black "Tenorio, Leonardo"]
[Result "1-0"]
[WhiteElo "1800"]
[BlackElo "1644"]
[PlyCount "173"]
[EventDate "2010.04.07"]
[EventType "swiss"]
[EventRounds "9"]
[EventCountry "AUS"]
[SourceDate "2010.04.07"]

1. d4 Nf6 2. c4 e6 3. Nc3 Bb4 4. a3 Bxc3+ 5. bxc3 b6 6. e3 Bb7 7. f3 O-O 8. Bd3
d5 9. cxd5 exd5 10. Ne2 Nbd7 11. O-O c5 12. Ng3 c4 13. Bb1 Re8 14. Ra2 Nf8 15.
Re2 h5 16. Qe1 g6 17. e4 Qc7 18. e5 N6h7 19. f4 f5 20. Rf3 Bc8 21. Nh1 Be6 22.
Ree3 Re7 23. Nf2 Rf7 24. h3 Qe7 25. Qd1 Rb8 26. Re1 b5 {Black offered a draw.}
27. g4 Rg7 28. Rg3 Rb7 29. Kh2 hxg4 30. hxg4 fxg4 31. Nxg4 Qh4+ 32. Kg2 Bxg4
33. Rxg4 Qe7 34. Rh1 Rb6 35. Qf3 Qf7 36. f5 gxf5 37. Bxf5 Rxg4+ 38. Qxg4+ Qg7
39. Qxg7+ Kxg7 40. e6 Rb7 41. Bf4 Kf6 42. Bd6 Rg7+ 43. Kf2 Ng6 44. e7 Nxe7 45.
Bxh7 Rf7 46. Ke2 Ke6 47. Bxe7 Kxe7 48. Bg8 Rf5 49. Rh7+ Kd6 50. Rxa7 Rg5 51.
Ra6+ Kc7 52. Bh7 Rg3 53. Kd2 Rg2+ 54. Kc1 Rg3 55. Kb2 Rg2+ 56. Bc2 Rf2 57. Rh6
Rg2 58. Ra6 Rh2 59. Rg6 Rf2 60. Kc1 Rf1+ 61. Bd1 Rh1 62. Rf6 Rg1 63. Rh6 Rg3
64. Kd2 Rd3+ 65. Kc2 Rg3 66. Be2 Rg2 67. Kd2 Rg3 68. Rf6 Rg1 69. Rf5 Kd6 70.
Bf3 Ra1 71. Rxd5+ Kc6 72. Rd8+ Kc7 73. Ra8 Ra2+ 74. Kc1 Ra1+ 75. Kb2 Rf1 76.
Be4 Rf2+ 77. Bc2 Kb7 78. Rh8 Kc6 79. Rh5 Rd2 80. Rc5+ Kb6 81. a4 bxa4 82. Rxc4
a3+ 83. Kc1 Rh2 84. Ra4 Rh1+ 85. Bd1 Kb5 86. Rxa3 Kc4 87. Kd2 1-0

[Event "Sydney International Challengers"]
[Site "Parramatta, NSW"]
[Date "2010.04.10"]
[Round "7.2"]
[White "Pan, Andrew"]
[Black "Wan, Dennis"]
[Result "1-0"]
[WhiteElo "1741"]
[BlackElo "1537"]
[PlyCount "59"]
[EventDate "2010.04.07"]
[EventType "swiss"]
[EventRounds "9"]
[EventCountry "AUS"]
[SourceDate "2010.04.07"]

1. d4 Nf6 2. Nf3 d5 3. c4 e6 4. Nc3 c6 5. e3 Be7 6. Bd3 O-O 7. O-O Nbd7 8. b3
Qc7 9. Bb2 dxc4 10. Bxc4 b5 11. Bd3 a6 12. Rc1 Bb7 13. Bb1 Rac8 14. Qe2 b4 15.
Na4 Qb8 16. Rfd1 Nd5 17. Nc5 Nxc5 18. dxc5 f6 19. Qc4 a5 20. Qg4 Rf7 21. Qxe6
Nc7 22. Bxh7+ Kf8 23. Qh3 Nd5 24. Bg6 Bxc5 25. Rxc5 Rd8 26. Nd4 Bc8 27. Qh5 Nf4
28. Qh8+ Ke7 29. Nxc6+ Ke6 30. Nxd8+ 1-0

[Event "Sydney International Challengers"]
[Site "Parramatta, NSW"]
[Date "2010.04.10"]
[Round "7.3"]
[White "Weller, Tony"]
[Black "Beahan, Patrick"]
[Result "1-0"]
[WhiteElo "1708"]
[BlackElo "1301"]
[PlyCount "125"]
[EventDate "2010.04.07"]
[EventType "swiss"]
[EventRounds "9"]
[EventCountry "AUS"]
[SourceDate "2010.04.07"]

1. d4 Nf6 2. e3 g6 3. c4 c5 4. Nc3 cxd4 5. exd4 Bg7 6. Nf3 d6 7. Be3 Bg4 8. Be2
O-O 9. Qd2 Nc6 10. O-O Re8 11. d5 Bxf3 12. Bxf3 Ne5 13. Be2 a6 14. h3 Qc7 15.
b3 Ned7 16. Rad1 Nc5 17. Bf3 Ncd7 18. Bh6 Ne5 19. Be2 Bxh6 20. Qxh6 b6 21. Kh1
e6 22. g4 Kh8 23. Qh4 Qe7 24. g5 Ng8 25. f4 Nd7 26. Bg4 f5 27. dxe6 Nc5 28. Bf3
Rad8 29. Nd5 Qg7 30. Nf6 Rxe6 31. Nxg8 Rxg8 32. Bd5 Rge8 33. Bxe6 Rxe6 34. Qf2
Ne4 35. Qxb6 Ng3+ 36. Kg2 Nxf1 37. Qd8+ Qg8 38. Qxg8+ Kxg8 39. Rxf1 a5 40. Kf2
Re4 41. Kf3 Rd4 42. Re1 Rd3+ 43. Re3 Rd2 44. a3 Ra2 45. b4 axb4 46. axb4 Ra4
47. Rb3 Kf7 48. Ke3 Ke6 49. Kd4 Ra1 50. b5 Kd7 51. b6 Kc8 52. b7+ Kb8 53. Kd5
Rd1+ 54. Kc6 Ra1 55. Kxd6 Ra6+ 56. Kd7 Ra4 57. c5 Rxf4 58. c6 Rd4+ 59. Ke6 Rc4
60. Kd5 Rc1 61. Re3 Kc7 62. Re7+ Kb8 63. Re8+ 1-0

[Event "Sydney International Challengers"]
[Site "Parramatta, NSW"]
[Date "2010.04.10"]
[Round "7.4"]
[White "Dickson, Ian"]
[Black "Ali, Mosaddeque"]
[Result "1-0"]
[WhiteElo "1537"]
[BlackElo "1690"]
[PlyCount "185"]
[EventDate "2010.04.07"]
[EventType "swiss"]
[EventRounds "9"]
[EventCountry "AUS"]
[SourceDate "2010.04.07"]

1. e4 c5 2. Nf3 e6 3. Nc3 Nc6 4. g3 d6 5. Bg2 Rb8 6. d4 cxd4 7. Nxd4 a6 8. O-O
Nf6 9. Nxc6 bxc6 10. e5 Nd5 11. exd6 Bxd6 12. Ne4 Be7 13. c4 Nb4 14. Qxd8+ Kxd8
15. Rd1+ Ke8 16. Bf4 Rb6 17. Nd6+ Bxd6 18. Bxd6 Bd7 19. Rd2 a5 20. Bc7 Rb7 21.
Bxa5 Ke7 22. Rad1 Na6 23. b4 Ra7 24. Bb6 Rb7 25. b5 Nb8 26. Bc5+ Kf6 27. a4 Rc8
28. a5 cxb5 29. Bxb7 Rxc5 30. a6 Bc6 31. Bxc6 Nxc6 32. Ra1 bxc4 33. a7 Nxa7 34.
Rxa7 c3 35. Rc2 Ke5 36. Ra4 Kd5 37. Kf1 e5 38. f3 f5 39. Ke2 g5 40. Kd3 g4 41.
fxg4 e4+ 42. Ke3 fxg4 43. Rxe4 h5 44. Rd4+ Ke5 45. Kd3 Ke6 46. Rxc3 Rf5 47.
Rc6+ Ke7 48. Re4+ Kd7 49. Rc2 Kd6 50. Ke3 Kd5 51. Rd2+ Kc5 52. Ke2 Kc6 53. Rdd4
Kc5 54. Rd8 Kc6 55. Rde8 Kd6 56. Rf4 Ra5 57. Rd8+ Ke6 58. Rd3 Ra2+ 59. Rd2 Ra5
60. Ke3 Ra3+ 61. Rd3 Ra2 62. Rf2 Ra5 63. Kd4 Ra4+ 64. Kc5 Ra5+ 65. Kb4 Re5 66.
Rd4 Re1 67. Rdd2 Rb1+ 68. Kc4 Rc1+ 69. Kd4 Ra1 70. Rde2+ Kd6 71. Rf5 Ra4+ 72.
Ke3 Ra3+ 73. Kf2 h4 74. gxh4 Rh3 75. h5 Rxh2+ 76. Ke3 Rh3+ 77. Kf4 g3 78. Rg2
Ke6 79. Rg5 Kf6 80. Kg4 Rh2 81. Rxg3 Rh1 82. Rf5+ Kg7 83. Kg5 Kh7 84. Rf6 Kh8
85. Rg4 Kh7 86. Ra6 Kh8 87. Rh4 Rg1+ 88. Kh6 Rg8 89. Rha4 Rg4 90. Ra8+ Rg8 91.
Rxg8+ Kxg8 92. Ra8+ Kf7 93. Kh7 1-0

[Event "Sydney International Challengers"]
[Site "Parramatta, NSW"]
[Date "2010.04.10"]
[Round "7.5"]
[White "Eustace, Sophie"]
[Black "Wan, Kinto"]
[Result "1-0"]
[WhiteElo "1451"]
[BlackElo "1538"]
[PlyCount "49"]
[EventDate "2010.04.07"]
[EventType "swiss"]
[EventRounds "9"]
[EventCountry "AUS"]
[SourceDate "2010.04.07"]

1. e4 g6 2. d4 d6 3. Nf3 Bg7 4. Nc3 Nd7 5. Be3 Ngf6 6. Bd3 c6 7. O-O O-O 8. Qd2
Ng4 9. Bg5 h6 10. Bh4 c5 11. dxc5 Nxc5 12. Rad1 Kh7 13. Nd5 f6 14. h3 Ne5 15.
Nxe5 dxe5 16. Qc3 Ne6 17. Bb5 Nd4 18. Bc4 b5 19. Bd3 Bb7 20. Qd2 Bxd5 21. exd5
Qc8 22. f4 Qc5 23. Bf2 Qd6 24. c3 Nf5 25. g4 1-0

[Event "Sydney International Challengers"]
[Site "Parramatta, NSW"]
[Date "2010.04.10"]
[Round "7.6"]
[White "Chau, Adrian"]
[Black "Chau, Bernard"]
[Result "1/2-1/2"]
[WhiteElo "1665"]
[BlackElo "1517"]
[PlyCount "83"]
[EventDate "2010.04.07"]
[EventType "swiss"]
[EventRounds "9"]
[EventCountry "AUS"]
[SourceDate "2010.04.07"]

1. Nf3 Nf6 2. c4 d6 3. Nc3 g6 4. g3 Bg7 5. Bg2 O-O 6. O-O e5 7. d4 Nc6 8. dxe5
Nxe5 9. Nxe5 dxe5 10. Qc2 c6 11. b3 Qc7 12. Ba3 Re8 13. Rad1 Bf8 14. Bb2 Bf5
15. e4 Be6 16. Rd3 Nd7 17. Na4 Rad8 18. Qc3 b6 19. Kh1 Bg7 20. f4 Bg4 21. Rd2
f6 22. h3 Be6 23. f5 Bf7 24. Rfd1 Nb8 25. Qe3 g5 26. Ba3 Bf8 27. Bb2 Na6 28.
Bf3 Nc5 29. Nc3 Be7 30. Qe2 Rxd2 31. Rxd2 Rd8 32. Nd1 Kg7 33. Nf2 Rxd2 34. Qxd2
h5 35. Bc1 Qd8 36. Qe2 Kh6 37. h4 a5 38. Qe3 Kg7 39. hxg5 fxg5 40. Bb2 Qd6 41.
Be2 Bf6 42. Kg2 1/2-1/2

[Event "Sydney International Challengers"]
[Site "Parramatta, NSW"]
[Date "2010.04.10"]
[Round "7.7"]
[White "Dale, Ari"]
[Black "Fernandez, Michael"]
[Result "0-1"]
[WhiteElo "1388"]
[BlackElo "1358"]
[PlyCount "126"]
[EventDate "2010.04.07"]
[EventType "swiss"]
[EventRounds "9"]
[EventCountry "AUS"]
[SourceDate "2010.04.07"]

1. d4 Nf6 2. c4 g6 3. g3 d5 4. Nc3 Bg7 5. Bg2 c6 6. Bg5 Qb6 7. Qd2 dxc4 8. Nf3
h6 9. Be3 Nd5 10. Nxd5 cxd5 11. Ne5 e6 12. f4 Nc6 13. Nf3 Qb4 14. Qxb4 Nxb4 15.
Kd2 Bd7 16. Ne5 Nc6 17. Nf3 Bf8 18. g4 Bb4+ 19. Kc2 Ba5 20. a3 Bc7 21. Raf1 b5
22. Nd2 Ne7 23. a4 a6 24. axb5 axb5 25. Ra1 Bc6 26. Rxa8+ Bxa8 27. Ra1 Kd7 28.
b3 Bc6 29. h4 f5 30. Nf3 cxb3+ 31. Kxb3 fxg4 32. Ne5+ Bxe5 33. dxe5 Nf5 34.
Ra7+ Kc8 35. Bf2 Rg8 36. Ra6 Kb7 37. Ra7+ Kb8 38. Ra6 Rc8 39. Kb4 g3 40. Bg1
Nxh4 41. Bh3 Nf5 42. Ka5 d4 43. Bxf5 exf5 44. Bxd4 h5 45. Bc5 Kc7 46. e6 Ra8
47. Ba7 h4 48. e7 h3 49. Bb6+ Kd7 50. Ba7 h2 51. e4 h1=Q 52. e5 Qa1+ 53. Kb6
Qxa6+ 54. Kxa6 Rxa7+ 55. Kxa7 g2 56. Kb8 g1=Q 57. e6+ Kd6 58. e8=N+ Bxe8 59.
Kb7 Bc6+ 60. Ka6 Qc5 61. e7 Kc7 62. e8=N+ Bxe8 63. Ka5 Qa3# 0-1

[Event "Sydney International Challengers"]
[Site "Parramatta, NSW"]
[Date "2010.04.10"]
[Round "7.8"]
[White "Bortsova, Natasha"]
[Black "Canfell, Mike J"]
[Result "1-0"]
[WhiteElo "1247"]
[BlackElo "1587"]
[PlyCount "45"]
[EventDate "2010.04.07"]
[EventType "swiss"]
[EventRounds "9"]
[EventCountry "AUS"]
[SourceDate "2010.04.07"]

1. d4 Nf6 2. c4 g6 3. Nc3 Bg7 4. e4 d6 5. Nf3 O-O 6. Be2 e5 7. d5 Na6 8. O-O
Nc5 9. Qc2 a5 10. Be3 Ne8 11. Nd2 f5 12. f4 exf4 13. Bxf4 Bd4+ 14. Kh1 g5 15.
Nb5 Bg7 16. Be3 f4 17. Bd4 Nf6 18. e5 Nfd7 19. e6 Ne5 20. Nf3 Ng4 21. Bxg7 Ne3
22. Qc3 Ne4 23. Qd4 1-0

[Event "Sydney International Challengers"]
[Site "Parramatta, NSW"]
[Date "2010.04.10"]
[Round "7.9"]
[White "Anderson Smith, William T"]
[Black "Greenwood, Norman"]
[Result "1-0"]
[WhiteElo "1560"]
[BlackElo "1355"]
[PlyCount "83"]
[EventDate "2010.04.07"]
[EventType "swiss"]
[EventRounds "9"]
[EventCountry "AUS"]
[SourceDate "2010.04.07"]

1. d4 c6 2. c4 d5 3. Nc3 Bf5 4. Qb3 Qd7 5. cxd5 cxd5 6. Nf3 f6 7. Bd2 e6 8. e3
Ne7 9. Be2 Nec6 10. a3 a6 11. Na4 Ra7 12. Rc1 Bd6 13. O-O b5 14. Nc5 Bxc5 15.
Rxc5 Kf7 16. Rfc1 Qd6 17. h3 Re8 18. a4 bxa4 19. Qxa4 Ree7 20. Qa2 Rec7 21. Ne1
Nd7 22. R5c3 e5 23. dxe5 Ndxe5 24. Nf3 Be6 25. Qa3 Qd7 26. Nxe5+ fxe5 27. Qa4
Kf8 28. Rxc6 d4 29. Qa3+ Kf7 30. Rxc7 Rxc7 31. Rxc7 Qxc7 32. exd4 exd4 33. Qf3+
Kg8 34. Bb4 Qd8 35. Bd3 a5 36. Ba3 a4 37. Qe4 Qd7 38. Qxh7+ Kf7 39. Bg6+ Kf6
40. Bd3 Qd8 41. f4 Bf7 42. Qf5# 1-0

[Event "Sydney International Challengers"]
[Site "Parramatta, NSW"]
[Date "2010.04.10"]
[Round "7.10"]
[White "Koh, Cedric"]
[Black "Webster, David"]
[Result "0-1"]
[WhiteElo "1461"]
[BlackElo "1812"]
[PlyCount "94"]
[EventDate "2010.04.07"]
[EventType "swiss"]
[EventRounds "9"]
[EventCountry "AUS"]
[SourceDate "2010.04.07"]

1. b3 e5 2. Bb2 Nc6 3. d3 d5 4. Nd2 Bd6 5. g3 f5 6. e4 dxe4 7. dxe4 Nf6 8. Bd3
Nb4 9. Qe2 Nxd3+ 10. Qxd3 O-O 11. O-O-O fxe4 12. Nxe4 Nxe4 13. Qxe4 Qg5+ 14.
Kb1 Rxf2 15. Nf3 Qf5 16. Qxf5 Bxf5 17. Ne1 Be4 18. Rg1 Rxh2 19. Nd3 Bf3 20.
Rde1 e4 21. Nf4 Bc5 22. Rgf1 Bf2 23. Rxf2 Rxf2 24. Ne6 Re8 25. Nxg7 Re7 26. Nf5
Rd7 27. Bd4 Rd2 28. Be3 Rd1+ 29. Rxd1 Rxd1+ 30. Kb2 b6 31. Bf4 Rd7 32. Ne3 b5
33. b4 Kf7 34. Kc3 Ke6 35. a3 h5 36. Bg5 a6 37. Bf4 c6 38. Bg5 Ke5 39. Bh4 Bg4
40. Bg5 Rf7 41. Ng2 Rf3+ 42. Kb2 Kd4 43. Ne1 Rxg3 44. c3+ Kc4 45. Bf6 Re3 46.
Nc2 Re2 47. Bg5 Kd3 0-1

[Event "Sydney International Challengers"]
[Site "Parramatta, NSW"]
[Date "2010.04.10"]
[Round "7.11"]
[White "Reynolds, Paul"]
[Black "Chen, Vincent"]
[Result "0-1"]
[WhiteElo "1443"]
[BlackElo "1439"]
[PlyCount "52"]
[EventDate "2010.04.07"]
[EventType "swiss"]
[EventRounds "9"]
[EventCountry "AUS"]
[SourceDate "2010.04.07"]

1. d4 d5 2. Nf3 Nc6 3. c4 e5 4. dxe5 d4 5. g3 Nge7 6. Bg2 Ng6 7. Bg5 Be7 8.
Bxe7 Ngxe7 9. O-O Ng6 10. Na3 Ngxe5 11. Nxe5 Nxe5 12. Qa4+ Nd7 13. c5 O-O 14.
Qxd4 Qe7 15. c6 bxc6 16. Bxc6 Rb8 17. Qxa7 Rxb2 18. e3 Nb8 19. Bg2 Ba6 20. Rfc1
Qxa3 21. Rxc7 Rxa2 22. Rxa2 Qxa2 23. h3 Qd2 24. e4 Qd6 25. Re7 Nc6 26. Qxa6
Qd1+ 0-1

[Event "Sydney International Challengers"]
[Site "Parramatta, NSW"]
[Date "2010.04.10"]
[Round "7.12"]
[White "Stahnke, Axel"]
[Black "Plant, John Stuart"]
[Result "0-1"]
[WhiteElo "1412"]
[BlackElo "1700"]
[PlyCount "68"]
[EventDate "2010.04.07"]
[EventType "swiss"]
[EventRounds "9"]
[EventCountry "AUS"]
[SourceDate "2010.04.07"]

1. d4 Nf6 2. c4 e6 3. Nc3 Bb4 4. a3 Bxc3+ 5. bxc3 O-O 6. e3 b6 7. Bd3 Bb7 8. f3
d6 9. Ne2 Nbd7 10. e4 e5 11. Be3 Qe7 12. O-O c6 13. Ng3 g6 14. Bh6 Rfe8 15. Qb3
d5 16. cxd5 cxd5 17. exd5 Bxd5 18. c4 Bb7 19. d5 Nc5 20. Qc2 Nxd3 21. Qxd3 Rac8
22. d6 Qe6 23. Bg5 Red8 24. Rfd1 Kg7 25. Ne4 Bxe4 26. fxe4 Qxc4 27. Qh3 Nxe4
28. Qh6+ Kg8 29. Rac1 Qe6 30. Rxc8 Qxc8 31. Bxd8 Qc5+ 32. Kh1 Nf2+ 33. Kg1 Nh3+
34. Kh1 Qg1+ 0-1

[Event "Sydney International Challengers"]
[Site "Parramatta, NSW"]
[Date "2010.04.10"]
[Round "7.13"]
[White "Zhou, Thomas"]
[Black "Bleicher, Horst"]
[Result "1-0"]
[WhiteElo "1271"]
[BlackElo "1442"]
[PlyCount "79"]
[EventDate "2010.04.07"]
[EventType "swiss"]
[EventRounds "9"]
[EventCountry "AUS"]
[SourceDate "2010.04.07"]

1. e4 e5 2. Nf3 Nc6 3. Bb5 a6 4. Ba4 Nf6 5. d3 d6 6. O-O g6 7. Nc3 Bg7 8. Bg5
h6 9. Bh4 g5 10. Bg3 Bd7 11. Ne2 O-O 12. Nd2 b5 13. Bb3 Ne7 14. c4 c5 15. h4 g4
16. Bh2 Ng6 17. Qe1 Nh5 18. f4 Qxh4 19. Qxh4 Nxh4 20. f5 g3 21. Bxg3 Nxg3 22.
Nxg3 Bf6 23. Nh5 Bg5 24. g3 Ra7 25. Nb1 Be3+ 26. Kh2 f6 27. gxh4 Be8 28. Ng3
Bf4 29. Nc3 Rg7 30. Nce2 Kh8 31. Nxf4 exf4 32. Rxf4 Rfg8 33. Rg1 Bf7 34. Ne2
Bh5 35. Rxg7 Rxg7 36. Ng3 Bf7 37. cxb5 Bxb3 38. axb3 axb5 39. Nh5 Rf7 40. Rg4
1-0

[Event "Sydney International Challengers"]
[Site "Parramatta, NSW"]
[Date "2010.04.10"]
[Round "7.14"]
[White "Hannagan, Peter"]
[Black "Simmonds, Leteisha"]
[Result "0-1"]
[WhiteElo "1401"]
[BlackElo "1424"]
[PlyCount "114"]
[EventDate "2010.04.07"]
[EventType "swiss"]
[EventRounds "9"]
[EventCountry "AUS"]
[SourceDate "2010.04.07"]

1. e4 e6 2. d4 d5 3. e5 c5 4. Bb5+ Bd7 5. Bxd7+ Qxd7 6. Nf3 Nc6 7. Bf4 Qc7 8.
c3 Qb6 9. b3 cxd4 10. cxd4 Nge7 11. O-O Nf5 12. Be3 h5 13. Nc3 Be7 14. Na4 Qc7
15. Rc1 Ba3 16. Rc2 Nxe3 17. fxe3 g6 18. Ng5 O-O 19. Rcf2 Nd8 20. h4 Be7 21.
Nf3 Nc6 22. Rc2 Rac8 23. Nb2 Qa5 24. Nd3 Nb4 25. Nxb4 Qxb4 26. Rxc8 Rxc8 27.
Ng5 Bxg5 28. hxg5 Qe7 29. Rf6 Qc7 30. Qf3 Qc1+ 31. Kh2 Rc7 32. e4 dxe4 33. Qxe4
Qxg5 34. Rf3 Qd8 35. a4 Qd5 36. Qf4 Rd7 37. Rc3 Rd8 38. Rc7 Rf8 39. Rc3 Qd7 40.
g4 hxg4 41. Qxg4 Kg7 42. Qf4 Rh8+ 43. Kg1 Qe7 44. Kg2 Rh4 45. Qe3 Rg4+ 46. Kf1
Qh4 47. Qh3 Qxh3+ 48. Rxh3 Rxd4 49. Rc3 Rb4 50. Kf2 g5 51. Kg3 a5 52. Kf3 Kg6
53. Kg3 Kf5 54. Rf3+ Rf4 55. Rc3 b6 56. Re3 g4 57. Re2 Rf3+ 0-1

[Event "Sydney International Challengers"]
[Site "Parramatta, NSW"]
[Date "2010.04.10"]
[Round "7.15"]
[White "Mithran, Mirakla"]
[Black "Roche, Stephen"]
[Result "0-1"]
[WhiteElo "1239"]
[BlackElo "1168"]
[PlyCount "56"]
[EventDate "2010.04.07"]
[EventType "swiss"]
[EventRounds "9"]
[EventCountry "AUS"]
[SourceDate "2010.04.07"]

1. e4 e5 2. Nf3 Nc6 3. d4 exd4 4. Bc4 Nf6 5. e5 d5 6. Bb5 Ne4 7. Nxd4 Bc5 8.
Be3 Bxd4 9. Qxd4 O-O 10. Bxc6 bxc6 11. O-O Re8 12. f3 Ng5 13. Bxg5 Qxg5 14. f4
Qh4 15. Na3 Bf5 16. Rf3 Re6 17. Rg3 Rh6 18. e6 Qxh2+ 19. Kf2 Rg6 20. exf7+ Kxf7
21. Rxg6 hxg6 22. Qe5 Re8 23. Qxc7+ Re7 24. Qd6 Be4 25. Rg1 Qh4+ 26. Kf1 Qg3
27. Qc5 Bxg2+ 28. Rxg2 Qe1# 0-1

[Event "Sydney International Challengers"]
[Site "Parramatta, NSW"]
[Date "2010.04.10"]
[Round "7.16"]
[White "Ross, Bill"]
[Black "Tracey, Michael"]
[Result "1/2-1/2"]
[WhiteElo "1345"]
[BlackElo "1370"]
[PlyCount "60"]
[EventDate "2010.04.07"]
[EventType "swiss"]
[EventRounds "9"]
[EventCountry "AUS"]
[SourceDate "2010.04.07"]

1. e4 c5 2. Nc3 Nc6 3. f4 d6 4. Nf3 Bg4 5. Bb5 Rc8 6. O-O e6 7. Bxc6+ Rxc6 8.
d3 Be7 9. Qe1 Nf6 10. h3 Bxf3 11. Rxf3 a6 12. f5 b5 13. Qg3 g6 14. fxe6 fxe6
15. Bh6 Rg8 16. Raf1 b4 17. Ne2 e5 18. Qf2 d5 19. g4 dxe4 20. dxe4 c4 21. Ng3
Bc5 22. Be3 Bxe3 23. Qxe3 a5 24. Kg2 c3 25. b3 Rf8 26. g5 Nd7 27. Rxf8+ Nxf8
28. Qa7 Qc7 29. Qa8+ Qc8 30. Qa7 Qc7 1/2-1/2

[Event "Sydney International Challengers"]
[Site "Parramatta, NSW"]
[Date "2010.04.10"]
[Round "7.17"]
[White "Lin, Mark"]
[Black "Chibnall, Alana"]
[Result "1/2-1/2"]
[WhiteElo "775"]
[BlackElo "1513"]
[PlyCount "75"]
[EventDate "2010.04.07"]
[EventType "swiss"]
[EventRounds "9"]
[EventCountry "AUS"]
[SourceDate "2010.04.07"]

1. e4 e5 2. Nf3 Nc6 3. Bc4 Bc5 4. d3 d6 5. Be3 Bb6 6. c3 Nf6 7. Nbd2 Bg4 8. b4
O-O 9. Qb3 Qd7 10. O-O Rad8 11. d4 Bxf3 12. Nxf3 exd4 13. Nxd4 Nxe4 14. Nxc6
bxc6 15. a4 Bxe3 16. fxe3 d5 17. Qc2 f5 18. Bd3 Qd6 19. Rad1 Qe5 20. Bxe4 fxe4
21. Qb3 Rxf1+ 22. Rxf1 Rd6 23. Rf4 Rh6 24. h3 Qg5 25. Kf1 Rg6 26. Qa2 Qe5 27.
Qb3 {White offered a draw.} Rf6 28. Rxf6 Qxf6+ 29. Ke2 Qg5 30. Kf2 Qh4+ 31. Kf1
Qg3 32. c4 d4 33. c5+ Kf8 34. Qe6 dxe3 35. Qf5+ Ke7 {Black offered a draw.} 36.
Qxe4+ Kd7 37. Qf5+ Ke7 38. Qe4+ 1/2-1/2

[Event "Sydney International Challengers"]
[Site "Parramatta, NSW"]
[Date "2010.04.10"]
[Round "7.18"]
[White "Willathgamuwa, Kevin"]
[Black "Behar, Joshua"]
[Result "0-1"]
[WhiteElo "602"]
[BlackElo "1423"]
[PlyCount "66"]
[EventDate "2010.04.07"]
[EventType "swiss"]
[EventRounds "9"]
[EventCountry "AUS"]
[SourceDate "2010.04.07"]

1. e4 d5 2. exd5 Qxd5 3. Nc3 Qa5 4. d4 Nf6 5. Bd2 c6 6. Nf3 Bg4 7. h3 Bh5 8.
Be2 e6 9. O-O Nbd7 10. Ne4 Qc7 11. Nfg5 Bg6 12. Bd3 Nxe4 13. Nxe4 O-O-O 14. Qf3
e5 15. c3 f5 16. Ng5 e4 17. Qd1 Qd6 18. Bc4 Re8 19. Bf7 Re7 20. Bxg6 Qxg6 21.
Qa4 a6 22. h4 h6 23. Nh3 Qg4 24. Bf4 Nb6 25. Qa5 Nd5 26. Bd6 Rd7 27. Bg3 f4 28.
Bh2 f3 29. Bg3 Bd6 30. Kh2 fxg2 31. Kxg2 Ne3+ 32. Kh2 Qf3 33. Rg1 Ng4# 0-1